Turizmusbiztonsági tényezők és azok szerepe a hajózási tevékenységek turisztikai döntéshozatalában

Bibliographic Details
Main Author: Koósová Bianka
Other Authors: Vass Dr. Lucia
Format: Thesis
Kulcsszavak:biztonság
fenntarthatóság
folyami hajózás
hajózás
rendezvényszervezés
turizmus
Online Access:http://dolgozattar.uni-bge.hu/60109

MARC

LEADER 00000nta a2200000 i 4500
001 dolg60109
005 20260409150012.0
008 260409suuuu hu om 000 hun d
040 |a BGE Dolgozattár Repozitórium  |b hun 
041 |a hu 
100 1 |a Koósová Bianka 
245 1 0 |a Turizmusbiztonsági tényezők és azok szerepe a hajózási tevékenységek turisztikai döntéshozatalában  |c Koósová Bianka  |h [elektronikus dokumentum] 
520 3 |a Adolgozat célja ahajózások biztonságának vizsgálata, különös tekintettel arra, hogy a turisták biztonságérzete milyen szerepet játszik az utazási döntéshozatalban. A primer kutatás során kvalitatív (mélyinterjú Hudacsek Miklóssal, a Legenda Kft. vezetőjével) és kvantitatív (kérdőíves felmérés magyar és szlovák válaszadókkal) módszertant alkalmaztam. A szakirodalmi háttér alapján megállapítható, hogy a biztonság manapság a turizmus egyik alapelvárása, amely nemcsak fizikai, hanem érzelmi és kommunikációs dimenziókkal is bír. Az interjú rámutatott arra, hogy a szolgáltatói oldal mennyire összetett biztonsági kihívásokkal szembesül, míg a kérdőíves kutatás alapján a turisták többnyire pozitív biztonságérzetről számoltak be, ugyanakkor hiányosságokat véltek felfedezni a vészhelyzeti kommunikáció és a tájékoztatás terén. A kutatás eredményei alapján leszögezhető, hogy a biztonsági tényezők nemcsak objektív szinten, hanem szubjektív érzékelésként is jelentős hatást gyakorolnak a turisztikai élményre és szolgáltatás megítélésére. A dolgozat rávilágít arra, hogy a szolgáltatók felelőssége nemcsak a biztonság megteremtésében, hanem annak hiteles kommunikálásában is kulcsszerepet kap. 
695 |a biztonság 
695 |a fenntarthatóság 
695 |a folyami hajózás 
695 |a hajózás 
695 |a rendezvényszervezés 
695 |a turizmus 
700 1 |a Vass Dr. Lucia  |e ths 
856 4 0 |u http://dolgozattar.uni-bge.hu/60109/1/Ko%C3%B3sov%C3%A1%20Bianka_Turizmusbiztons%C3%A1gi%20t%C3%A9nyez%C5%91k%20%C3%A9s%20azok%20szerepe%20a%20haj%C3%B3z%C3%A1si%20tev%C3%A9kenys%C3%A9gek%20turisztikai%20d%C3%B6nt%C3%A9shozatal%C3%A1ban.pdf  |z Dokumentum-elérés 
856 4 0 |u http://dolgozattar.uni-bge.hu/60109/2/Ko%C3%B3sov%C3%A1%20Bianka_opponens_Sul%C3%A1nyi%20P%C3%A9ter.pdf  |z Dokumentum-elérés 
856 4 0 |u http://dolgozattar.uni-bge.hu/60109/3/B%C3%ADr%C3%A1lati%20lap_BSc_BA_MSc_MA_2025-Ko%C3%B3sov%C3%A1%20Bianka.pdf  |z Dokumentum-elérés